00703nam a2200169 a 450000100100000000500170001000800410002702000150006804000250008310000300010824501310013826000790026930000210034850000420036995201050041199900170051600003934520201002031615.0130624s2002 dr 000 0 spa d a9993433322 aDO-SdBNPbspacBNPHU1 aActis, José Luis93467613aLa reforma del sistema de pensiones en República Dominicana :bantecedentes, análisis y perspectivas /cJosé Luis Actis. aSanto Domingo :bPontificia Universidad Católica Madre y Maestra,c2002. a187 p. ;c22 cm. aIncluye notas al pie de las páginas 0010718PDaPDbPDcCTd2013-06-24iLF1l0o p39345-10r2020-06-25w2020-06-25yLFPDZNo se presta c38835d38835